LEADER 01048nam0-2200325---450- 001 990008135220403321 005 20080303103915.0 035 $a000813522 035 $aFED01000813522 035 $a(Aleph)000813522FED01 035 $a000813522 100 $a20050622d1948----km-y0itay50------ba 101 1 $aita 102 $aIT 105 $ay-------001yy 200 1 $aLiberazione dell'uomo$erichiami di energetica spirituale, dalla materia allo spirito, dalla persona a Dio$fAdolphe Ferrière$g[trad. di Enzo Enriques Agnoletti] 210 $aFirenze$cLa Nuova Italia$d1948 215 $a186 p.$d21 cm 225 1 $aEducatori antichi e moderni$v59 610 0 $aUomo$aFilosofia 676 $a128$v21$zita 700 1$aFerrière,$bAdolphe$f<1879-1960>$0396592 702 1$aEnriques Agnoletti,$bEnzo$f<1909?1986> 801 0$aIT$bUNINA$c20050622$gRICA$2UNIMARC 901 $aBK 912 $a990008135220403321 952 $aP.1 FG 1256$bBibl. 23767$fFLFBC 959 $aFLFBC 996 $aLiberation de l'homme$924547 997 $aUNINA LEADER 01698nam 2200433I 450 001 9910711425703321 005 20181015153545.0 035 $a(CKB)5470000002483787 035 $a(OCoLC)1056977743 035 $a(EXLCZ)995470000002483787 100 $a20181015d2018 ua 0 101 0 $aeng 135 $aurcn||||||||| 181 $ctxt$2rdacontent 182 $cc$2rdamedia 183 $acr$2rdacarrier 200 10$aEvaluating impacts of battery energy storage system functionalities on distribution systems using power hardware-in-the-loop simulation /$fAnnabelle Pratt [and six others] 210 1$a[Golden, Colo.] :$cNational Renewable Energy Laboratory,$d2018. 215 $a1 online resource (5 pages) $ccolor illustrations 225 1 $aConference paper ;$vNREL/CP-5D00-70478 300 $a"Preprint." 300 $a"Presented at the IEEE Power and Energy Society General Meeting, Portland, Oregon, August 5-9, 2018." 300 $a"August 2018." 320 $aIncludes bibliographical references (page 5). 606 $aHardware-in-the-loop simulation 606 $aStorage batteries 606 $aSmart power grids 615 0$aHardware-in-the-loop simulation. 615 0$aStorage batteries. 615 0$aSmart power grids. 700 $aPratt$b Annabelle$01394599 712 02$aNational Renewable Energy Laboratory (U.S.), 712 02$aIEEE Power & Energy Society.$bGeneral Meeting. 801 0$bGPO 801 1$bGPO 906 $aBOOK 912 $a9910711425703321 996 $aEvaluating impacts of battery energy storage system functionalities on distribution systems using power hardware-in-the-loop simulation$93458199 997 $aUNINA